| 000 | 00936nam a22002177a 4500 | ||
|---|---|---|---|
| 003 | OSt | ||
| 005 | 20170608093109.0 | ||
| 008 | 150408b2016 slv spa | ||
| 040 | _cBMC | ||
| 082 | _a670.42 | ||
| 100 | 1 |
_939324 _aLemus Peraza, Roberto Carlos |
|
| 245 | 1 | 0 |
_aPasantía en Comisión Ejecutiva Portuaria Autonoma, CEPA _b: Informe final _cRoberto Carlos Lemus Peraza |
| 260 |
_aSanta Ana (El Salvador) _bUniversidad Católica de El Salvador _c2016 |
||
| 300 |
_a37 h. _bil. _c28 cm _e+ 1 disco compacto |
||
| 500 | _aPrecede al tít.: Universidad Católica de El Salvador, Facultad de Ingeniería y Arquitectura | ||
| 500 | _aPeríodo de realización del 27 de julio de 2015 al 05 de febrero de 2016 | ||
| 502 | _aPara optar al título de: Ingeniero Industrial | ||
| 650 | 2 | 4 |
_919919 _aIngeniería industrial |
| 710 | 2 |
_91166 _aUniversidad Católica de El Salvador _bFacultad de Ingeniería y Arquitectura |
|
| 942 |
_2ddc _cTG |
||
| 999 |
_c25368 _d25368 |
||